<?xml version="1.0" encoding="UTF-8"?>
<marc:record xmlns:marc="http://www.loc.gov/MARC21/slim">
   <marc:leader>00000nam a2200000 a 4500</marc:leader>
   <marc:datafield ind1="1" ind2=" " tag="100">
      <marc:subfield code="a">Helfer, Monika</marc:subfield>
      <marc:subfield code="4">aut</marc:subfield>
      <marc:subfield code="e">Verfasser/-in</marc:subfield>
   </marc:datafield>
   <marc:datafield ind1="0" ind2="0" tag="245">
      <marc:subfield code="a">Die Bagage</marc:subfield>
   </marc:datafield>
   <marc:datafield ind1="0" ind2="0" tag="245">
      <marc:subfield code="b">Roman</marc:subfield>
   </marc:datafield>
   <marc:datafield ind1="0" ind2="0" tag="245">
      <marc:subfield code="c">Monika Helfer</marc:subfield>
   </marc:datafield>
   <marc:datafield ind1=" " ind2="1" tag="264">
      <marc:subfield code="a">München</marc:subfield>
      <marc:subfield code="b">Hanser</marc:subfield>
      <marc:subfield code="c">2020</marc:subfield>
   </marc:datafield>
   <marc:datafield ind1=" " ind2=" " tag="250">
      <marc:subfield code="a">3. Auflage</marc:subfield>
   </marc:datafield>
   <marc:datafield ind1="1" ind2=" " tag="520">
      <marc:subfield code="a">"Von uns wird man noch lange reden." Monika Helfers neuer Roman "Die Bagage" - eine berührende Geschichte von Herkunft und Familie&lt;br/&gt;&lt;br/&gt;Josef und Maria Moosbrugger leben mit ihren Kindern am Rand eines Bergdorfes. Sie sind die Abseitigen, die Armen, die Bagage. Es ist die Zeit des ersten Weltkriegs und Josef wird zur Armee eingezogen. Die Zeit, in der Maria und die Kinder allein zurückbleiben und abhängig werden vom Schutz des Bürgermeisters. Die Zeit, in der Georg aus Hannover in die Gegend kommt, der nicht nur hochdeutsch spricht und wunderschön ist, sondern eines Tages auch an die Tür der Bagage klopft. Und es ist die Zeit, in der Maria schwanger wird mit Grete, dem Kind der Familie, mit dem Josef nie ein Wort sprechen wird: der Mutter der Autorin. Mit großer Wucht erzählt Monika Helfer die Geschichte ihrer eigenen Herkunft.</marc:subfield>
   </marc:datafield>
   <marc:datafield ind1=" " ind2=" " tag="020">
      <marc:subfield code="a">9783446265622</marc:subfield>
      <marc:subfield code="9">9783446265622</marc:subfield>
   </marc:datafield>
   <marc:datafield ind1=" " ind2=" " tag="041">
      <marc:subfield code="a">ger</marc:subfield>
   </marc:datafield>
   <marc:datafield ind1="1" ind2=" " tag="521">
      <marc:subfield code="a">0</marc:subfield>
   </marc:datafield>
   <marc:datafield ind1=" " ind2=" " tag="300">
      <marc:subfield code="a">160 Seiten</marc:subfield>
   </marc:datafield>
</marc:record>
